|
|
|
|
| LEADER |
01656nam a2200289 a 4500 |
| 001 |
00024307 |
| 008 |
120119s2011 ii a b 001 0 eng d |
| 040 |
|
|
|a BD-DhAAL
|c BD-DhAAL
|
| 020 |
|
|
|a 9788131759295
|
| 082 |
0 |
0 |
|a 339
|2 22
|
| 100 |
1 |
|
|a Abel, Andrew B.
|
| 245 |
1 |
0 |
|a Macroeconomic /
|c Andrew B. Abel, Ben S. Bernanke, Dean Croushore
|
| 260 |
|
|
|a New Delhi :
|b Pearson education,
|c c2011.
|
| 300 |
|
|
|a xxvi, 639 p. :
|b ill. ;
|c 25 cm.
|
| 490 |
0 |
|
|a The pearson series in economics
|
| 500 |
|
|
|a Includes bibliographical references and indexes.
|
| 541 |
|
|
|e 00024307
|
| 650 |
|
0 |
|a Macroeconomics
|
| 700 |
1 |
|
|a Bernanke, Ben S.
|
| 700 |
1 |
|
|a Croushore, Dean
|
| 852 |
1 |
|
|a Ayesha Abed Library
|c General shelf.
|
| 999 |
|
|
|c 11795
|d 11795
|
| 952 |
|
|
|0 0
|1 0
|4 0
|6 339_ABE
|7 0
|9 19233
|a BRACUL
|b BRACUL
|c GEN
|d 2012-01-19
|e Paragon Enterprises
|g 738.00
|l 6
|m 32
|o 339 ABE
|p 3010024307
|r 2025-09-14
|s 2025-06-28
|t 1
|w 2012-01-19
|y BK
|x Available
|
| 952 |
|
|
|0 0
|1 0
|4 0
|6 339_ABE
|7 0
|9 19234
|a BRACUL
|b BRACUL
|c GEN
|d 2012-01-19
|e Paragon Enterprises
|g 738.00
|l 4
|m 25
|o 339 ABE
|p 3010024308
|r 2025-08-19
|s 2025-07-23
|t 2
|w 2012-01-19
|y BK
|x Available
|
| 952 |
|
|
|0 0
|1 0
|4 0
|6 339_ABE
|7 0
|9 19235
|a BRACUL
|b BRACUL
|c GEN
|d 2012-01-19
|e Paragon Enterprises
|g 738.00
|l 4
|m 14
|o 339 ABE
|p 3010024309
|r 2025-07-30
|s 2025-07-23
|t 3
|w 2012-01-19
|y BK
|x Available
|
| 952 |
|
|
|0 0
|1 0
|4 0
|6 339_ABE
|7 0
|9 19236
|a BRACUL
|b BRACUL
|c GEN
|d 2012-01-19
|e Paragon Enterprises
|g 738.00
|l 11
|m 38
|o 339 ABE
|p 3010024310
|r 2025-07-30
|s 2025-07-23
|t 4
|w 2012-01-19
|y BK
|x Available
|
| 952 |
|
|
|0 0
|1 0
|4 0
|6 339_ABE
|7 0
|9 19237
|a BRACUL
|b BRACUL
|c GEN
|d 2012-01-19
|e Paragon Enterprises
|g 738.00
|l 9
|m 41
|o 339 ABE
|p 3010024311
|r 2025-11-16
|s 2025-11-04
|t 5
|w 2012-01-19
|y BK
|x Available
|